000 00687nam a2200241Ia 4500
005 20260121112613.0
008 7321 260114s9999 xx 000 0 eng d
020 _a9789812779168
037 _aEBOOK
040 _aCRL
_beng
_cCRL
041 _aeng
_2eng
084 _qCRL
100 _aSayari Abdelhamid Et Al
_9960265
245 0 _aNanoporous Materials - Proceedings of the 5Th International Symposium
260 _bWorld Scientific
260 _bWSPC
260 _c2008
650 _aNanotechnology & Nanoscience
_9960266
856 _uhttps://www.worldscientific.com/worldscibooks/10.1142/6673#t=toc
942 _cEBOOK
999 _c1544621
_d1544621